Statystyki dla Selekcjonerzy rep. Polski U-21 w XXI w.

Kliknij tutaj aby rozwiązać quiz!

Ogólne statystyki

  • Ten quiz został rozwiązany 30 razy
  • Średni wynik to 2 z 7

Statystyki odpowiedzi

latatrener% Poprawnych
2017-Michniewicz
100%
2013-2017Dorna
62%
2011-2013Majewski
28%
2004-2005Żmuda
7%
2000-2001Ćmikiewicz
3%
2006-2011Zamilski
3%
2002-2003Klejndinst
0%

Rozkład punktacji

Percentyl według liczby udzielonych odpowiedzi

Procent ludzi z każdym wynikiem

Twoja historia wyników

Nie rozwiązałeś tego quizu